21世紀横浜ベイスターズ開幕スタメン - Statistics

General Stats
  • This quiz has been taken 57 times
    37 since last reset
  • The average score is 150 of 234
Answer Stats
Answer % Correct
三浦大輔
96%
三浦大輔
96%
三浦大輔
96%
三浦大輔
96%
三浦大輔
96%
三浦大輔
96%
筒香嘉智
96%
筒香嘉智
96%
筒香嘉智
96%
筒香嘉智
96%
筒香嘉智
96%
筒香嘉智
96%
宮崎敏郎
96%
筒香嘉智
96%
宮崎敏郎
96%
宮崎敏郎
96%
牧秀悟
96%
宮崎敏郎
96%
牧秀悟
96%
宮崎敏郎
96%
牧秀悟
96%
牧秀悟
96%
宮崎敏郎
96%
牧秀悟
96%
筒香嘉智
96%
宮崎敏郎
96%
2026 牧秀悟
96%
宮崎敏郎
96%
内川聖一
92%
内川聖一
92%
内川聖一
92%
内川聖一
92%
桑原将志
92%
2017 桑原将志
92%
2018 桑原将志
92%
2021 桑原将志
92%
2022 桑原将志
92%
今永昇太
88%
佐野恵太
88%
今永昇太
88%
佐野恵太
88%
佐野恵太
88%
東克樹
88%
2023 佐野恵太
88%
佐野恵太
88%
東克樹
88%
東克樹
88%
佐野恵太
88%
東克樹
88%
谷繁元信
83%
相川亮二
83%
村田修一
83%
相川亮二
83%
村田修一
83%
相川亮二
83%
村田修一
83%
相川亮二
83%
村田修一
83%
相川亮二
83%
村田修一
83%
相川亮二
83%
2010 石川雄洋
83%
村田修一
83%
2011 石川雄洋
83%
村田修一
83%
2012 梶谷隆幸
83%
石川雄洋
83%
2013 石川雄洋
83%
2014 石川雄洋
83%
梶谷隆幸
83%
2015 石川雄洋
83%
梶谷隆幸
83%
梶谷隆幸
83%
2019 梶谷隆幸
83%
2020 梶谷隆幸
83%
オースティン
83%
山本祐大
83%
オースティン
83%
山本祐大
83%
山本祐大
83%
ロペス
79%
ロペス
79%
ロペス
79%
石田健大
79%
ロペス
79%
石田健大
79%
ロペス
79%
ロペス
79%
石田健大
79%
石井琢朗
75%
2002 石井琢朗
75%
2003 石井琢朗
75%
2004 石井琢朗
75%
2005 石井琢朗
75%
2006 石井琢朗
75%
石井琢朗
75%
2008 石井琢朗
75%
藤田一也
75%
戸柱恭孝
75%
戸柱恭孝
75%
戸柱恭孝
75%
神里和毅
75%
ソト
75%
伊藤光
75%
ソト
75%
伊藤光
75%
戸柱恭孝
75%
神里和毅
75%
戸柱恭孝
75%
高崎健太郎
71%
ブランコ
71%
ブランコ
71%
森敬斗
71%
森敬斗
71%
2001 金城龍彦
67%
金城龍彦
67%
金城龍彦
67%
金城龍彦
67%
金城龍彦
67%
金城龍彦
67%
金城龍彦
67%
金城龍彦
67%
中村紀洋
67%
金城龍彦
67%
荒波翔
67%
荒波翔
67%
金城龍彦
67%
倉本寿彦
67%
荒波翔
67%
倉本寿彦
67%
倉本寿彦
67%
大和
67%
倉本寿彦
67%
大和
67%
大和
67%
蝦名達夫
67%
蝦名達夫
67%
ウッズ
63%
多村仁
63%
ウッズ
63%
多村仁
63%
2007 仁志敏久
63%
仁志敏久
63%
仁志敏久
63%
2024 度会隆輝
63%
ラミレス
58%
関根大気
58%
関根大気
58%
ビシエド
58%
黒羽根利規
54%
黒羽根利規
54%
黒羽根利規
54%
柴田竜拓
54%
柴田竜拓
54%
柴田竜拓
54%
鈴木尚典
50%
佐伯貴弘
50%
鈴木尚典
50%
佐伯貴弘
50%
鈴木尚典
50%
鈴木尚典
50%
佐伯貴弘
50%
鈴木尚典
50%
佐伯貴弘
50%
鈴木尚典
50%
吉村裕基
50%
佐伯貴弘
50%
吉村裕基
50%
吉村裕基
50%
吉村裕基
50%
吉村裕基
50%
内村賢介
50%
井納翔一
50%
梶原昂希
50%
2025 梶原昂希
50%
ヒュンメル
50%
渡辺直人
46%
モーガン
46%
久保康友
46%
石上泰輝
46%
石上泰輝
46%
高城俊人
42%
三嶋一輝
42%
濵口遥大
42%
林琢真
42%
寺原隼人
38%
スレッジ
38%
ランドルフ
38%
スレッジ
38%
ハーパー
38%
森本稀哲
38%
森本稀哲
38%
バルディリス
38%
バルディリス
38%
嶺井博希
38%
種田仁
33%
古木克明
33%
種田仁
33%
小池正晃
33%
小池正晃
33%
種田仁
33%
2009 松本啓二朗
33%
山崎憲晴
33%
橋本将
33%
小池正晃
33%
山崎憲晴
33%
山本省吾
29%
ロマック
29%
ジョンソン
25%
野口寿浩
25%
武山真吾
25%
藤井秀悟
25%
2016 白崎浩之
25%
田中浩康
25%
乙坂智
25%
吉見祐治
21%
シリアコ
21%
田中俊太
21%
ドスター
17%
中嶋聡
17%
カスティーヨ
17%
知野直人
17%
小川博文
13%
中根仁
13%
小川博文
13%
ロドリゲス
13%
小川博文
13%
楠本泰史
13%
楠本泰史
13%
楠本泰史
13%
小宮山悟
8%
グラン
8%
早川大輔
8%
小関竜也
4%
No matching quizzes found
Score Distribution
Percent of People with Each Score
Percentile by Number Answered
Your Score History
You have not taken this quiz since the last reset